000 00387nam a2200145Ia 4500
008 240729s9999 xx 000 0 und d
022 _a2603-3186
245 0 _aHistoria naturalis bulgarica
260 _aBulgaria
260 _bBulgarian Academy of Sciences
650 _aScience
856 _uhttps://doaj.org/toc/22d57f1b6cc74fdcb08e25a9e2a2b3ee
942 _2ddc
942 _cDOAJEJ
999 _c66010
_d66010
945 _a1
_bMadushi Gamage
_c1
_dMadushi Gamage